000
00309nam a2200121Ia 4500
005
20260328101440.0
008
260328s9999||||xx |||||||||||||| ||und||
100
_a
Spencer, Herbert
245
0
_a
Barbican reDevelopment 1959 /
_c
Herbert Spencer
260
_b
Bolton
650
_a
ARQUITECTURA CIVIL
942
_c
BK
999
_c
8227
_d
8227